Kỹ thuật nuôi cá hú nuôi trong bè

Sách được viết trên cơ sở đúc kết, tham khảo những kết quả nghiên cứu sinh sản nhân tạo, sản xuất giống cá Hú của nhiều cán bộ khoa học thủy sản và tổng kết từ thực tế sản xuất ương nuôi cá giống và nuôi cá thương phẩm của các nông hộ nuôi cá bè....

Descrizione completa

Salvato in:
Dettagli Bibliografici
Autore principale: Phạm Văn Khánh
Lingua:Undetermined
Pubblicazione: Tp. Hồ Chí Minh Nông nghiệp 2007
Soggetti:
Tags: Aggiungi Tag
Nessun Tag, puoi essere il primo ad aggiungerne! !
Thư viện lưu trữ: Trung tâm Học liệu Trường Đại học Trà Vinh
LEADER 01003nam a2200253Ia 4500
001 TVU_2913
008 210423s9999 xx 000 0 und d
041 |a Vie 
082 |a 639.3 
082 |b Kh107 
100 |a Phạm Văn Khánh 
245 0 |a Kỹ thuật nuôi cá hú 
245 0 |b nuôi trong bè 
245 0 |c Phạm Văn Khánh 
260 |a Tp. Hồ Chí Minh 
260 |b Nông nghiệp 
260 |c 2007 
300 |a 35 tr. 
300 |b minh họa 
300 |c 21 cm 
520 |a Sách được viết trên cơ sở đúc kết, tham khảo những kết quả nghiên cứu sinh sản nhân tạo, sản xuất giống cá Hú của nhiều cán bộ khoa học thủy sản và tổng kết từ thực tế sản xuất ương nuôi cá giống và nuôi cá thương phẩm của các nông hộ nuôi cá bè. 
650 |a Freshwater fishes; Nuôi cá nước ngọt; Nuôi cá Hú 
700 |a Phạm Văn Khánh 
980 |a Trung tâm Học liệu Trường Đại học Trà Vinh